Supplement to I PUC text book: theory and problems in mathematics. (Record no. 101020)

MARC details
000 -LEADER
fixed length control field 00499nam a2200193Ia 4500
003 - CONTROL NUMBER IDENTIFIER
control field OSt
005 - DATE AND TIME OF LATEST TRANSACTION
control field 20260603122156.0
008 - FIXED-LENGTH DATA ELEMENTS--GENERAL INFORMATION
fixed length control field 210210b2000 xxu||||| |||| 00| 0 eng d
040 ## - CATALOGING SOURCE
Transcribing agency AL
041 ## - LANGUAGE CODE
Language code of text/sound track or separate title English
082 ## - DEWEY DECIMAL CLASSIFICATION NUMBER
Classification number 510 BOSS
100 ## - MAIN ENTRY--PERSONAL NAME
Personal name BOSCO (S S).
9 (RLIN) 265140
245 ## - TITLE STATEMENT
Title Supplement to I PUC text book: theory and problems in mathematics.
260 ## - PUBLICATION, DISTRIBUTION, ETC.
Place of publication, distribution, etc. Mangalore
Name of publisher, distributor, etc. T. Egithin Bosco
Date of publication, distribution, etc. 2000
300 ## - PHYSICAL DESCRIPTION
Extent 451-588
690 ## - LOCAL SUBJECT ADDED ENTRY--TOPICAL TERM (OCLC, RLIN)
Topical term or geographic name as entry element Mathematics
9 (RLIN) 265141
906 ## - LOCAL DATA ELEMENT F, LDF (RLIN)
a 053037
942 ## - ADDED ENTRY ELEMENTS (KOHA)
Source of classification or shelving scheme Dewey Decimal Classification
Koha item type Book
Holdings
Withdrawn status Lost status Damaged status Not for loan Collection code Home library Current library Shelving location Date acquired Cost, normal purchase price Total Checkouts Full call number Barcode Date last seen Price effective from Koha item type
Discarded         St Aloysius Library St Aloysius Library   02/17/2021 0.00   510 BOSS 053037 02/17/2021 02/17/2021 Book
Discarded         St Aloysius Library St Aloysius Library   02/17/2021 0.00   510 BOSS 053038 02/17/2021 02/17/2021 Book
Discarded     Reference Book   St Aloysius Library St Aloysius Library   02/17/2021 0.00   510 BOSS 053034 02/17/2021 02/17/2021 Book
Discarded         St Aloysius Library St Aloysius Library   02/17/2021 0.00   510 BOSS 053035 02/17/2021 02/17/2021 Book
Discarded         St Aloysius Library St Aloysius Library   02/17/2021 0.00   510 BOSS 053036 02/17/2021 02/17/2021 Book